Les planètes du système solaire dans l'ordre - Erreurs éliminatoires - Statistiques

Statistiques générales
  • Ce quiz a été pris 333 fois
  • Le résultat moyen est 6 sur 8
Statistiques - réponses
Distance au Soleil Planète % Correct
58 millions km Mercure
100%
108 millions km Vénus
91%
150 millions km Terre
83%
228 millions km Mars
82%
779 millions km Jupiter
77%
1,434 milliard km Saturne
73%
2,871 milliards km Uranus
65%
4,495 milliards km Neptune
64%
Aucun quiz correspondant
Distribution des résultats
% des personnes avec chaque résultat
Percentile par nombre de réponses
Votre historique - résultats
Vous n’avez pas pris ce quiz